000 00691nab a2200193 4500
001 244442
003 OSt
005 20240320104742.0
007 tu
008 200917s2020|||||||
040 _aDE-2950
_cDE-2950
245 0 0 _aEin Maler kommt ins Ehrenbuch
_bKunst. Im Kleist-Forum wurde eine Ausstellung mit Werken von Günter Neubauer von Knobelsdorff eröffnet. Die Stadt würdigt das Wirken des 80-Jährigen für die Kunstszene/
_cInes Weber-Rath
264 _c2024
653 _aFrankfurt (Oder)
653 _aGünter Neubauer von Knobelsdorff
653 _aEhrenbuch
773 0 _g35. Jahrgang (2024) Nr. 67 vom 19.03.2024, S. 15 mit Foto
_tMärkische Oderzeitung
942 _2z
_cA
999 _c373037
_d373037